000 00938nam a2200277 i 4500
001 bg
003 BPK
005 20200303102526.0
008 991125s1994 uk a f f 001 0 eng d
020 _a0521429684
040 _cBPK
080 _a37.016:81
100 1 _aNunan, David.
245 1 0 _aResearch methods in language Learning /
_cDavid Nunan.
250 _a[3rd printing].
260 _aCambridge :
_bCambridge University Press,
_c1994.
300 _aXII, 249 s. :
_bil. ;
_c23 cm.
490 1 _aCambridge Language Teaching Library
500 _a1st published in 1992.
504 _aBibliography s. 234-243. Indeks.
650 4 _aJęzyki
_xnauczanie
_xmetody.
710 2 _aCambridge University Press
_4pbl.
830 0 _aCambridge Language Teaching Library
856 _uhttp://koha.tu.koszalin.pl/cgi-bin/koha/opac-detail.pl?biblionumber=48013
_yKatalog online BPK
942 _cKS
_2UKD
999 _c48013
_d48013